| 000 | 00511nam a2200193Ia 4500 | ||
|---|---|---|---|
| 008 | 151119s9999||||xx |||||||||||||| ||und|| | ||
| 082 | _a891.463 | ||
| 082 | _bGKKV7063 | ||
| 100 | _aकाशीकर एस एम | ||
| 245 | _aचेन मर्डर | ||
| 260 | _a-- | ||
| 260 | _b-- | ||
| 260 | _c0 | ||
| 600 | _aकाशीकर एस एम | ||
| 630 | _aचेन मर्डर | ||
| 700 | _aकाशीकर एस एम | ||
| 730 | _aचेन मर्डर | ||
| 942 | _cBOOK | ||
| 999 |
_c1061803 _d1061800 |
||